Представление документа в формате MARC21

Поле Инд. ПП Название Значение
Тип записи a
Библиографический уровень m
001 Контрольный номер ba8ca75d-d47d-4744-b503-ab55260ca2be
005 Дата корректировки 20140703143356.9
008 Кодируемые данные 060328
020 c Цена, тираж б/ц
041 a Код языка текста rus
080 a Индекс УДК 811.161.1'373.611(043.3)
084 a Индекс другой классификации/Индекс ББК Ш141.12-211я031
090 x Авторский знак Т52
a Полочн. индекс Ш141.12
100 1_ a Автор Толстова Наталья Александровна
245 10 a Заглавие Словообразовательная категория названий орудий труда в современном русском литературном языке
b Продолж. заглавия автореф. дис. ... канд. филол. наук : 10.02.01
260 0_ a Место издания Ставрополь
b Издательство Ставропольский гос. ун-т
c Дата издания 2006
300 a Объем 24 с.
500 a Примечание На правах рукоп.
504 a Библиография Библиогр. в конце кн.
583 a Действие Получение впервые 101 28.03.2006
650 a Основная рубрика Русский язык
x Основная подрубрика Грамматика
x Основная подрубрика Морфология
650 a Основная рубрика Словообразование в русском языке
653 a Ключевые слова Русский язык
a Ключевые слова Словообразование в русском языке
a Ключевые слова Морфология русского языка
a Ключевые слова Грамматика русского языка
a Ключевые слова Названия орудий труда
a Ключевые слова Авторефераты
852 t Порядковый номер экземпляра 1
p Инвентарный номер б/н
888 a Бесплатные
930 a Новая/Ретро авторефераты
952 p 101.2006 б/ц 1 б/н
c Вид литературы А/Р н
954 a Дата поступления на обработку 20060407
999 a Подразделение 2 ч.з.